| 000 | 01227nam a2200229 4500 | ||
|---|---|---|---|
| 001 | 113598 | ||
| 003 | DR-UNIBE | ||
| 005 | 20250512110543.0 | ||
| 008 | 250512b1999 pr ||||| |||| 00| 0 spa d | ||
| 040 |
_aBIBLIOTECA UNIBE _bspa _cBIBLIOTECA UNIBE _erda |
||
| 041 | _aspa | ||
| 082 |
_222 _a347.09 P977r |
||
| 110 | 1 | 0 |
_aPuerto Rico. Tribunal General de Justicia _9195218 _eautor |
| 245 | 1 | 0 | _aReglamento de certificación y educación continua relacionado con los métodos alternos para la solución de conflictos / |
| 260 |
_aSan Juan: _bTribunal General de Justicia. Oficina de administración de los tribunales, _c1994 |
||
| 300 |
_a62 hojas: _c27 x 21 cm |
||
| 505 | _aCapítulo I. Disposiciones generales | Capítulo II. Definiciones | Capítulo III. Certificación de interventores(as) neutrales | Capítulo IV. Certificación de proveedores(as) | Capítulo V. Rectificación | Capítulo VI. Estándares éticos | Capítulo VII. Disposiciones misceláneas | ||
| 650 | 7 |
_2lemb _a Resolución de disputas (Derecho) _vReglamentos _zPuerto Rico _9195237 |
|
| 650 | 7 |
_2lemb _aMediación _vReglamentos _zPuerto Rico _9195238 |
|
| 650 | 7 |
_2lemb _a Terceros (Derecho) _vReglamentos _zPuerto Rico _9195239 |
|
| 942 |
_2ddc _cBK |
||
| 999 |
_c113598 _d113598 |
||